Nueva sala del Museo del Greco: catálogo
Gespeichert in:
| 1. Verfasser: | |
|---|---|
| Format: | Buch |
| Sprache: | Spanisch |
| Veröffentlicht: |
Madrid
Blass
1921
|
| Schlagworte: | |
| Tags: |
Tag hinzufügen
Keine Tags, Fügen Sie den ersten Tag hinzu!
|
MARC
| LEADER | 00000nam a2200000 a 4500 | ||
|---|---|---|---|
| 001 | UCU2416 | ||
| 003 | CL-VaPUC | ||
| 008 | 960426e19210000SP |||||||||||||||||spa|d | ||
| 082 | 0 | 4 | |a 708.6 |b SAN |2 21 |
| 100 | 0 | |a Sánchez Cantón, Francisco Javier |e author |9 358543 | |
| 245 | 1 | 0 | |a Nueva sala del Museo del Greco: catálogo |
| 300 | |a 43 p | ||
| 942 | |c BK | ||
| 945 | |d 19960426 00:00:00 |a rleighto | ||
| 260 | |a Madrid |b Blass |c 1921 | ||
| 650 | 0 | |a Museos de arte |9 265235 | |
| 650 | 0 | |a Bellas artes |9 334299 | |
| 650 | 7 | |a GALERIAS DE ARTE |2 CL-VaPUC |9 358544 | |
| 650 | 7 | |a EXPOSICIONES ARTISTICAS |2 CL-VaPUC |9 358545 | |
| 650 | 7 | |a EXPOSICIONES CULTURALES |2 CL-VaPUC |9 358546 | |
| 650 | 0 | |a Obras de arte |9 337253 | |
| 650 | 0 | |a Catálogos |9 256258 | |
| 583 | |a last modification |c 19960426 00:00:00 |k Rodrigo Vera | ||
| 999 | |c 246713 |d 246711 | ||